Fundamentals of engineering thermodynamics / Michael J. Moran, Howard N. Shapiro (Registro nro. 22027)
[ vista simple ]
| 000 -LÍDER | |
|---|---|
| fixed length control field | 00507nam a2200169 4500 |
| 008 - ELEMENTOS DE LONGITUD FIJA -- INFORMACIÓN GENERAL | |
| fixed length control field | 0 1996 0a 000 0USA |
| 020 ## - NÚMERO INTERNACIONAL NORMALIZADO PARA LIBROS | |
| ISBN | 0-471-07681-3 |
| 050 ## - SIGNATURA TOPOGRAFICA DE LA BIBLIOTECA DEL CONGRESO (LC) | |
| Número de Clasificación | TJ2625 M67 1996 |
| 082 ## - NUMERO DE CLASIFICACION DECIMAL DEWEY | |
| Número de Clasificación | 621.4021 M829f |
| 100 ## - ASIENTO PRINCIPAL--NOMBRE PERSONAL | |
| Nombre personal | Moran, Michael J. |
| 245 ## - TÍTULO | |
| Título | Fundamentals of engineering thermodynamics / Michael J. Moran, Howard N. Shapiro |
| 250 ## - MENCIÓN DE EDICIÓN | |
| Mención de edición | 3a. |
| 260 ## - PUBLICACIÓN, DISTRIBUCIÓN, ETC. (PIE DE IMPRENTA) | |
| Lugar de publicación, distribución, etc. | USA : John Wiley |
| 300 ## - DESCRIPCIÓN FÍSICA | |
| Extensión | xiii, 859 p. / 26 cm |
| 650 ## - ASIENTO SECUNDARIO DE MATERIA - TERMINO TEMÁTICO | |
| Término temático o nombre geográfico como elemento de entrada | 1. TERMODINAMICA |
| 700 ## - ASIENTO SECUNDARIO - NOMBRE PERSONAL | |
| Nombre personal | I. Shapiro, Howard N. coaut. |
| No. biblioteca | No. biblioteca | Número de clasificación | Código de barras/Número de adquisición | Número de copia | Tipo de material |
|---|---|---|---|---|---|
| LUIS G. INCLAN | LUIS G. INCLAN | 621.4021 M829f | 32261 | 1 | Libros |
| LUIS G. INCLAN | LUIS G. INCLAN | 621.4021 M829f | 32262 | 2 | Libros |
